000 00450nam a2200181Ia 4500
005 20230626095842.0
008 131103s9999 xx 000 0 und d
040 _aLoreto College
041 _aEnglish
082 _aF
_bBOW
100 _aBowen,Marjorie
245 4 _aThe Queen's Caprice
_cMarjorie Bowen
260 _aLondon
_bCollins/Fontana Books
_c1953
300 _a287 p.
650 _aFiction in English
850 _aLCLIB
942 _cBK
999 _c16345
_d66824